ბათუმის შოთა რუსთაველის სახელმწიფო უნივერსიტეტის ბიბლიოთეკა

The Urologic Clinics of North America: (ბიბ.ჩანაწერი № 61788)

000 -LEADER
fixed length control field 00658nam a22001697a 4500
005 - DATE AND TIME OF LATEST TRANSACTION
control field 20240513112238.0
008 - FIXED-LENGTH DATA ELEMENTS--GENERAL INFORMATION
fixed length control field 240513s1986 enk||||| |||| 00| 0 eng d
041 ## - LANGUAGE CODE
Language code of text/sound track or separate title eng
080 ## - UNIVERSAL DECIMAL CLASSIFICATION NUMBER
Universal Decimal Classification number 616.6 Th-44
245 ## - TITLE STATEMENT
Title The Urologic Clinics of North America:
Remainder of title Volume 13/ Number 3 /
Statement of responsibility, etc. Edited by J. A. Smith.
264 ## - PRODUCTION, PUBLICATION, DISTRIBUTION, MANUFACTURE, AND COPYRIGHT NOTICE
Place of production, publication, distribution, manufacture Philadelphia :
Name of producer, publisher, distributor, manufacturer W.B. Saunders Company,
Date of production, publication, distribution, manufacture, or copyright notice 1986.
300 ## - PHYSICAL DESCRIPTION
Extent 562 p.:
Other physical details ill.;
Dimensions 17 cm.
653 ## - INDEX TERM--UNCONTROLLED
keyword ჩრდილოეთ ამერიკის უროლოგიური კლინიკები
653 ## - INDEX TERM--UNCONTROLLED
keyword მედიცინა
700 ## - ADDED ENTRY--PERSONAL NAME
Personal name Smith, J. A.
Relator term რედაქტორი
9 (RLIN) 22059
942 ## - ADDED ENTRY ELEMENTS (KOHA)
Source of classification or shelving scheme
Koha item type წიგნი
ეგზემპლარები
Withdrawn status Lost status Source of classification or shelving scheme Damaged status Not for loan Permanent Location Current Location Shelving location Date acquired Cost, normal purchase price Full call number Barcode Date last seen Copy number Price effective from Koha item type Public note
          ბათუმის შოთა რუსთაველის სახელმწიფო უნივერსიტეტის მთავარი ბიბლიოთეკა ბათუმის შოთა რუსთაველის სახელმწიფო უნივერსიტეტის მთავარი ბიბლიოთეკა წიგნსაცავი 2024-05-13 25.00 616.6 Th-44 67960 2024-05-13 67960 2024-05-13 წიგნი 25 ლ.